Statistics for Diacritics

Click here to take the quiz!

General Stats

  • This quiz has been taken 40 times
  • The average score is 8 of 18

Answer Stats

HintAnswer% Correct
ä ë ï ö ü ÿdiaeresis / umlaut
94%
à è ì ò ù ỳgrave
84%
ã ẽ g̃ ĩ ñ õ ũ ỹtilde
81%
á ć é ǵ í ĺ ń ó ŕ ś ú ý źacute
78%
â ĉ ê ĝ ĥ î ĵ ô ŝ û ŵ ŷcircumflex
63%
ā ē ī ō ūmacron
59%
ç ģ ķ ļ ņ ŗ ş ţcedilla
53%
ǎ č ď ě ǧ ǐ ǩ ľ ň ǒ ř š ť ǔ žcaron / háček
44%
ạ ċ ḍ ė ẹ ġ ḥ ị ḷ ṅ ṇ ọ ṛ ṣ ṭ ụ ỵ ż ẓdot
41%
ă ĕ ğ ĭ ŏ ŭbreve
38%
ő űdouble acute
31%
ą ę į ǫ ųogonek
31%
å ůring / corona
25%
ɓ ɗ ƙ ƴhook
22%
ș țcomma
19%
ơ ưhorn
13%
ả ẻ ỉ ỏ ủ ỷhook above
6%
đ ǥ ħ ł ø ŧstroke
6%

Score Distribution

Percentile by Number Answered

Percent of People with Each Score

Your Score History

You have not taken this quiz